Hướng dẫn thiết kế kết cấu nhà cao tầng bê tông cốt thép chịu động đất theo TCXDVN 375:2006

Spremljeno u:
Bibliografski detalji
Format: Sách
Jezik:Undetermined
Izdano:  Xây dựng  2013
Teme:
Oznake: Dodaj oznaku
Bez oznaka, Budi prvi tko označuje ovaj zapis!
Thư viện lưu trữ: Trung tâm Thư viện - Trường Đại học Công nghiệp TP. Hồ Chí Minh
LEADER 00569nam a2200133Ia 4500
001 UIH_07868
008 231011s9999 xx 000 0 und d
082 |a  624.177 
245 0 |a  Hướng dẫn thiết kế kết cấu nhà cao tầng bê tông cốt thép chịu động đất theo TCXDVN 375:2006 
260 |b  Xây dựng 
260 |c  2013 
650 |a  Thiết kế xây dựng; Thiết kế kết cấu;  
927 |a Sách 
980 |a Trung tâm Thư viện - Trường Đại học Công nghiệp TP. Hồ Chí Minh